000 00484nam a22001691a 4500
001 5421
003 OSt
005 20260204212014.0
008 060119s1985||||dr ||||||b||||||||||spa||
050 _aRD 972.9362 R712l
100 _aRosario Candelier, Bruno
245 _aLetras mocanas, Aida Cartagena Portalatín: escalera para Electra / Bruno Rosario Candelier
264 _aSanto Domingo : UASD
300 _a11 p
650 _a1.Historia - Provincia EspaillatÌ
942 _2ddc
_cBK
999 _c5421
_d5421